000 00727nam a2200241Ia 4500
003 GCL
008 140319s9999 xx 000 0 ara d
040 _aGCL /
_cGCL
082 0 4 _a253.901
_bع م
100 1 _aعمر ابراهيم الراكشى
245 1 0 _aالمواريث فى الاسلام /
_cعمر ابراهيم الراكشى
260 _a[S.N] :
_bالهيئة المصرية العامة للكتاب ،
_c1995
300 _a246 ص
490 _a
650 0 4 _aالاسلام
650 0 4 _aالعلم
650 0 4 _aالاحوال الشخصية
650 0 4 _aالفقه الاسلامى
650 0 4 _aالمواريث
650 0 4 _aالوصايا
650 0 4 _aالتركات
942 _2ddc
_cBK
999 _c33350
_d33350